Регионална библиотека "Любен Каравелов" - Русе

Основи на товароподемните машини (Запис номер 182776)

MARC детайли
000 -Лидер
Контролно поле с фиксирана дължина 01494nam a2200325 c 4500
003 - Код на организацията, давaща контролен номер
Контролно поле BLK
005 - Дата и час на последна редакция
Контролно поле 20230802155358.0
008 - Елементи от данни с фиксирана дължина
fixed length control field 180411b bul|||||r ||||||| ||bul||
010 ## - Наследен системен номер
LC control number KNG00191701000
040 ## - Източник на каталожния запис
Идентификатор на билиотеката - собственик на записа BLK
041 ## - Код за език
Код за езика на текст/звукозапис или на отделно заглавие Български
Код за езика КДБФ Български
080 ## - УДК
Текстов определител УДК Подемно-транспортно оборудване в цялост. Вж и 621.87; 625.08; 625.1/.5; 625.5; 629.1; 658.286.2
УДК код - определител по УДК 621.86
УДК определител (075.8)
УДК - код + определител 621.86(075.8)
100 1# - Редна дума - Автор
Автор Дивизиев, Владимир Йорданов
Авторска отговорност първи автор
R(LIN) 256587
139 ## - Редно поле
Редна дума Дивизиев, Владимир Йорданов
Авторски знак Ди - Д 53
245 10 - Сведения за заглавието
Заглавие Основи на товароподемните машини
Подзаглавни данни Учебник за студентите от ВМЕИ В. И. Ленин - София
Редно поле (дума) Владимир Йорданов Дивизиев.
257 ## - Страна на издаване
Страна на създаване/издаване България
260 ## - Област на издателските данни
-- София
Име на издателя, разпространителя и проч. Техника
Година на издаване 1986
Печатница Враца : печ. В. Александров
300 ## - Физическа характеристика
Страници 487 с.
Илюстрации и др. с ил.
Размери/Мащаб 22 см
380 ## - Жанр
Жанр Техника
500 ## - Общи забележки
Забележка 2 588 тир. - Библиогр. с. 481-482.
650 #4 - Допълнително описание по предмет – тема
Основно описание – тема или топоним Подемно-транспортни машини - учебници за ВУЗ
9 (RLIN) 254335
653 ## - Ключова дума – ненормативна
Ключова дума подемно-транспортни машини
653 ## - Ключова дума – ненормативна
Ключова дума учебници за ВУЗ
852 ## - Местоположение
Форматна сигнатура Цб 145085
856 4# - Електронен адрес и достъп
Електронен формат pdf - файл
Път до файла /url/
856 4# - Електронен адрес и достъп
Електронен формат pdf - файл
Път до файла /url/
942 ## - АРТИКУЛИ
Вид на библиотечния материал Книги
Скрит в OPAC Не
Koha issues (borrowed), all copies 2
944 ## - СЪЗДАВАНЕ И РЕДАКЦИЯ на ЗАПИСА
Създаване/Редакция Създаване
Дата на регистрацията/редакция 06.10.2016
Служител, извършил регистрацията/редакцията 30530
Статус, дата на статуса Минев Младен
944 ## - СЪЗДАВАНЕ И РЕДАКЦИЯ на ЗАПИСА
Създаване/Редакция Редакция
Дата на регистрацията/редакция 06.10.2016
Служител, извършил регистрацията/редакцията Людмила_Стоянова
999 ## - СИСТЕМНИ КОНТРОЛНИ НОМЕРА
Koha biblionumber 182776
Koha biblioitemnumber 182776
Наличности
Код за отписване Код за изгубен артикул Източник на класификационната схема Код за повреда Коз за рестрикции Код за отдаване Артикулен № Име на библиотеката - собственик Име на библиотеката, в която се намира в момента Статус (Текущо местоположение) Дата на вписване в системата Местоположение - отдел Цена в лева Инвентарен номер Систематично азбучна сигнатура Баркод Номер на екземпляра Цена в евро Служебна бележка Служебен тип на артикула Бележка за публиката
  Не е изгубен Universal Decimal Classification Не е повреден без рестрикции ползва се в читалня 314388 Регионална библиотека "Любен Каравелов" Русе Регионална библиотека "Любен Каравелов" Русе Хранилище 1986-01-01 Хранилище 2.45 460099 Цб 145085 120000460099 1 1.25 N: стар фонд Дата: 01.01.1986 Книги  
Изтеглен Не е изгубен Universal Decimal Classification Не е повреден без рестрикции заемане за дома 314389 Регионална библиотека "Любен Каравелов" Русе Регионална библиотека "Любен Каравелов" Русе Заемна - подръчен фонд 1986-01-01 Заемна - подръчен фонд 2.45 460478 П 621.86/Д 53 460478 2 1.25 N: стар фонд Дата: 01.01.1986 Книги  
Изтеглен Не е изгубен   Не е повреден без рестрикции заемане за дома 314390 Регионална библиотека "Любен Каравелов" Русе Регионална библиотека "Любен Каравелов" Русе   1986-01-01 Заемна - подръчен фонд 2.45 460479 П 621.86/Д 53 460479 3 1.25 N: стар фонд Дата: 01.01.1986 Книги Отч.N: 5 , Дата: 19.01.2018
  Не е изгубен Universal Decimal Classification Не е повреден без рестрикции заемане за дома 314391 Регионална библиотека "Любен Каравелов" Русе Регионална библиотека "Любен Каравелов" Русе Заемна - подръчен фонд 1986-01-01 Заемна - подръчен фонд 2.45 460481 П 621.8/Д 53 120000460481 4 1.25 N: стар фонд Дата: 01.01.1986 Дата инв: 06.02.2018 Бележки инв: П2018 Книги  
Vip Innovations Ltd, Rousse, Bulgaria 2025